El Aparato educativo salvadoreño ante la crisis

Guardat en:
Dades bibliogràfiques
Autor principal: Fischel Volio, Astrid
Format: Text
Publicat: San José: UCR
Etiquetes: Afegir etiqueta
Sense etiquetes, Sigues el primer a etiquetar aquest registre!

MARC

LEADER 00000 a a2200000 04500
001 21362
003
040
090 |a 093800  
100 |a Fischel Volio, Astrid  
245 |a El Aparato educativo salvadoreño ante la crisis  
260 |a San José:   |b UCR  
300 |a 45 p.  
999 |c 16146  |d 16146